000 00293 a2200121 4500
001 146568
040 _cEscola São Tomás de Aquino
100 _aJOLY, Fanny
240 1 0 _aQuem tem medo de dragão?
_lpor
245 1 0 _aQuem tem medo de dragão?
697 _a*LITERATURA INFANTO
942 _cBK
999 _c146568
_d146568